000 01468nam a2200373Ia 4500
001 ebr10448397
003 CaPaEBR
006 m u
007 cr cn|||||||||
008 100303s2009 enka s 001 0 eng d
020 _z9781847198341
020 _z9781847198358
040 _aCaPaEBR
_cCaPaEBR
035 _a(OCoLC)558447627
050 1 4 _aQA76.76.M54
_bP36 2009eb
082 0 4 _a005.3
_222
100 1 _aPanda, Debu.
245 1 0 _aMiddleware management with Oracle Enterprise Manager Grid Control 10g R5
_h[electronic resource] /
_cDebu Panda, Arvind Maheshwari ; reviewers, Joseph S. Gomez, Ulises Lazarini, Peter McLarty.
260 _aBirmingham, UK :
_bPackt Pub.,
_cc2009.
300 _a310 p. :
_bill.
500 _aIncludes index.
533 _aElectronic reproduction.
_bPalo Alto, Calif. :
_cebrary,
_d2011.
_nAvailable via World Wide Web.
_nAccess may be limited to ebrary affiliated libraries.
630 0 0 _aOracle (Computer file)
650 0 _aMiddleware
_xManagement.
650 0 _aEnterprise application integration (Computer systems)
650 0 _aComputational grids (Computer systems)
655 7 _aElectronic books.
_2local
700 1 _aMaheshwari, Arvind.
700 1 _aGomez, Joseph S.
700 1 _aLazarini, Ulises.
700 1 _aMcLarty, Peter.
710 2 _aebrary, Inc.
856 4 0 _uhttp://site.ebrary.com/lib/rucke/Doc?id=10448397
_zAn electronic book accessible through the World Wide Web; click to view
999 _c247953
_d247953